000 00184nam a2200073Ia 4500
008 170620s9999 xx 000 0 und d
100 _aE BALAGURUSAMY
245 0 _aOBJEET ORIENTED PROGRAMMING WITH C ++
260 _bTMH
999 _c30140
_d30140